Face-to-face communications for clarity and impact

Gardado en:
Detalles Bibliográficos
Formato: Libro
Idioma:inglés
Publicado: Boston Harvard Business School 2004
Edición:1a. ed
Series:The Results-Driven Manager. A Timesaving Guide
Subjects:
Tags: Engadir etiqueta
Sen Etiquetas, Sexa o primeiro en etiquetar este rexistro!

MARC

LEADER 00000nam a2200000 a 4500
001 UCK1413
003 CL-VaPUC
008 041112e20040000US |||||||||||||||||eng|d
020 |a 1591393477 
082 0 4 |a 658.452  |b FAC  |2 21 
245 1 0 |a Face-to-face communications for clarity and impact 
250 |a 1a. ed 
300 |a 155 p 
942 |c BK 
945 |d 20041112 00:00:00  |a cmena 
260 |a Boston  |b Harvard Business School  |c 2004 
650 0 |a Comunicación oral  |9 307769 
650 0 |a Administración de empresas   |9 260833 
650 0 |a Comunicación no verbal  |9 270761 
650 7 |a PERSUASION  |2 CL-VaPUC  |9 333321 
583 |a last modification  |c 20041112 00:00:00  |k Rodrigo Vera 
490 0 |a The Results-Driven Manager. A Timesaving Guide 
999 |c 311382  |d 311380 
952 |0 0  |1 0  |4 0  |6 658_452000000000000_FAC_2004  |7 0  |8 A  |9 380763  |a BIBING  |b BIBING  |d 2019-11-21  |i 4078446  |o 658.452 FAC 2004  |p 4078446  |r 2025-01-20  |w 2019-11-21  |y BK  |k EII